Normal view MARC view
  • Master of Science

Entry Topical Term

Number of records used in: 1

001 - CONTROL NUMBER

  • control field: 48512

003 - CONTROL NUMBER IDENTIFIER

  • control field: NUST

005 - DATE AND TIME OF LATEST TRANSACTION

  • control field: 20210314134050.0

008 - FIXED-LENGTH DATA ELEMENTS

  • fixed length control field: 210314|| aca||aabn | a|a d

040 ## - CATALOGING SOURCE

  • Original cataloging agency: NUST
  • Transcribing agency: NUST

150 ## - HEADING--TOPICAL TERM

  • Topical term or geographic name entry element: Master of Science

670 ## - SOURCE DATA FOUND

  • Source citation: Work cat.: (NUST): Abdul Waheed, Major 48511, Combination / Mixes of Sand, Cement and Polythene, for Compacted Clay Liner in Arid / Semi Arid Regions, 13-03-2001
© 2023 Central Library, National University of Sciences and Technology. All Rights Reserved.